000 00430nam a2200181Ia 4500
001 11666
005 20260306162844.0
008 260306t1977||||xx |||||||||||||| ||spa||
041 _aESP
082 _a986.6
_bV32
100 _aVargas, José María
_eAUT
245 0 _aHistoria del Ecuador - Siglo XVI
260 _c1977
300 _a344 páginas :
_c21 cm.
650 _aGEN
654 _aCHU
942 _cLIB
_dJUS
_fJUS
_2ddc
_n
999 _c11666
_d11666